[Event "45th IT Bosna 2015"]
[Site "Sarajevo"]
[Date "2015.06.02"]
[Round "5.10"]
[White "Burovic, Rijad"]
[Black "Kurajica, Bojan"]
[Result "0-1"]
[WhiteElo "2330"]
[BlackElo "2518"]
[PlyCount "96"]
[EventDate "2015.05.30"]

1. Nf3 Nf6 2. g3 b5 3. Bg2 d5 4. O-O Bb7 5. d3 Nbd7 6. Nbd2 h6 7. c4 bxc4 8.
dxc4 c6 9. Qc2 e5 10. e4 d4 11. c5 Ba6 12. Re1 Qa5 13. Nb3 Qc7 14. Bd2 Be7 15.
Nh4 g6 16. Qc1 Ng8 17. Nf3 g5 18. Ba5 Qb8 19. Nfd2 g4 20. Qc2 Ngf6 21. a3 Nh7
22. Bb4 Ng5 23. Bf1 Bxf1 24. Rxf1 Qb5 25. f3 a5 26. Nxa5 Rxa5 27. Bxa5 Qxa5 28.
b4 Qb5 29. Rae1 gxf3 30. Nxf3 Ne6 31. Rb1 O-O 32. Ne1 Nf6 33. Rf5 Ng4 34. a4
Qa6 35. Ng2 Ne3 36. Nxe3 dxe3 37. b5 Qa5 38. Qe2 Qxa4 39. Qg4+ Ng7 40. bxc6
Qxc6 41. Rxe5 Bxc5 42. Re1 Bb6 43. Re2 Rd8 44. Qf3 Qg6 45. Rd5 Rxd5 46. exd5
Nf5 47. Qf4 Nd4 48. Qb8+ Kh7 0-1

[Event "45th IT Bosna 2015"]
[Site "Sarajevo"]
[Date "2015.06.02"]
[Round "5.11"]
[White "Savic, Miodrag R"]
[Black "Trkulja, Goran"]
[Result "1-0"]
[WhiteElo "2509"]
[BlackElo "2324"]
[PlyCount "71"]
[EventDate "2015.05.30"]

1. e4 e5 2. Nf3 Nc6 3. Bb5 Bc5 4. O-O d6 5. d3 Nge7 6. Be3 Bxe3 7. fxe3 Bg4 8.
Nbd2 O-O 9. Ba4 a6 10. Qe1 b5 11. Bb3 Na5 12. Nh4 Nxb3 13. axb3 f6 14. Qg3 Bc8
15. Rf2 Qd7 16. h3 a5 17. Raf1 Kh8 18. Ndf3 Bb7 19. Nh2 a4 20. bxa4 Rxa4 21.
Ng4 Qe6 22. Nf3 Rfa8 23. Qh4 Ra1 24. Rxa1 Rxa1+ 25. Kh2 Ng6 26. Qg3 Qa2 27. Nh4
Ne7 28. Nxf6 gxf6 29. Rxf6 Qg8 30. Qf2 Qg5 31. Rf7 Ng8 32. Rxc7 Ba6 33. Qf7 Qh6
34. Nf5 Qg6 35. Qf8 Qf6 36. Rf7 1-0

[Event "45th IT Bosna 2015"]
[Site "Sarajevo"]
[Date "2015.06.02"]
[Round "5.12"]
[White "Kadric, Denis"]
[Black "Gazik, Igor"]
[Result "1-0"]
[WhiteElo "2493"]
[BlackElo "2320"]
[PlyCount "47"]
[EventDate "2015.05.30"]

1. e4 Nf6 2. Nc3 e5 3. Nf3 Nc6 4. Bb5 Bb4 5. O-O O-O 6. d3 d6 7. Bg5 Bxc3 8.
bxc3 Qe7 9. Re1 Nd8 10. d4 Ne6 11. Bd2 c5 12. Rf1 cxd4 13. cxd4 Qc7 14. c3 b6
15. Bd3 Bb7 16. Re1 Rad8 17. Bb1 Qb8 18. d5 Nc7 19. Nh4 Nd7 20. Nf5 Ne8 21. Qg4
f6 22. Ne7+ Kh8 23. Qh5 Rg8 24. Ng6# 1-0

[Event "45th IT Bosna 2015"]
[Site "Sarajevo"]
[Date "2015.06.02"]
[Round "5.13"]
[White "Popovic, Zoran"]
[Black "Drazic, Sinisa"]
[Result "1-0"]
[WhiteElo "2309"]
[BlackElo "2439"]
[PlyCount "119"]
[EventDate "2015.05.30"]

1. d4 e6 2. c4 Nf6 3. Nc3 c5 4. d5 d6 5. e4 g6 6. h3 Bg7 7. Nf3 O-O 8. Bd3 exd5
9. exd5 Re8+ 10. Be3 Bh6 11. O-O Bxe3 12. fxe3 Qe7 13. e4 Nbd7 14. Qd2 Rf8 15.
Qh6 Ne8 16. Rf2 Ne5 17. Nxe5 Qxe5 18. Raf1 Bd7 19. Qf4 Qxf4 20. Rxf4 Kg7 21. a3
a5 22. Bc2 Rb8 23. Ba4 Bxa4 24. Nxa4 b5 25. cxb5 Rxb5 26. R1f2 f6 27. g4 Rf7
28. Kf1 Re7 29. Nc3 Rb3 30. R4f3 Reb7 31. Na4 Rxf3 32. Rxf3 Nc7 33. Ke1 Nb5 34.
Rb3 c4 35. Re3 g5 36. Kd2 Kg6 37. Re1 Nd4 38. Re3 Rc7 39. Nb6 h5 40. Rc3 hxg4
41. hxg4 Nb3+ 42. Ke3 Nc5 43. Nxc4 Rh7 44. Nxd6 Na4 45. Rc2 Rh3+ 46. Kd4 Rg3
47. Nc4 Kf7 48. Ne3 Rg1 49. Rc7+ Ke8 50. b3 Nb6 51. Kc5 Nd7+ 52. Kd6 Ne5 53.
Ke6 Kd8 54. Rg7 Re1 55. d6 Kc8 56. Rc7+ Kd8 57. Rc3 Re2 58. b4 axb4 59. axb4
Nxg4 60. d7 1-0

[Event "45th IT Bosna 2015"]
[Site "Sarajevo"]
[Date "2015.06.02"]
[Round "5.14"]
[White "Nestorovic, Dejan"]
[Black "Vea, Odin Blikra"]
[Result "0-1"]
[WhiteElo "2425"]
[BlackElo "2234"]
[PlyCount "82"]
[EventDate "2015.05.30"]

1. d4 Nf6 2. c4 g6 3. Nc3 Bg7 4. Nf3 d6 5. Bg5 O-O 6. e3 Bf5 7. Nd2 c5 8. d5 h6
9. Bh4 Qa5 10. f3 a6 11. e4 Bc8 12. a4 g5 13. Bf2 Nbd7 14. h4 g4 15. f4 Nh5 16.
g3 Bxc3 17. bxc3 Qxc3 18. Rc1 Qa3 19. Ra1 Qc3 20. Rc1 Qa3 21. Rb1 f5 22. exf5
Ndf6 23. Rb3 Qxa4 24. Bd3 b5 25. O-O b4 26. Bc2 Qe8 27. Re3 Bd7 28. Rfe1 Rf7
29. Re6 a5 30. Rxd6 exd6 31. Rxe8+ Nxe8 32. Qxg4+ Neg7 33. Ne4 Bxf5 34. Qf3
Bxe4 35. Qxe4 Nf6 36. Qg6 a4 37. g4 a3 38. Bb3 a2 39. Bxa2 Rxa2 40. g5 b3 41.
Qb1 Rb7 0-1

[Event "45th IT Bosna 2015"]
[Site "Sarajevo"]
[Date "2015.06.02"]
[Round "5.15"]
[White "Jakovljevic, Vlado"]
[Black "Kozarcanin, Sead"]
[Result "1/2-1/2"]
[WhiteElo "2393"]
[BlackElo "2066"]
[PlyCount "99"]
[EventDate "2015.05.30"]

1. Nf3 d5 2. d4 a6 3. c4 dxc4 4. a4 c5 5. e3 cxd4 6. Bxc4 Nc6 7. exd4 Nf6 8.
O-O Bg4 9. Be3 e6 10. h3 Bh5 11. Nc3 Be7 12. Rc1 Rc8 13. Be2 O-O 14. g4 Bg6 15.
Nh4 Qa5 16. Nxg6 hxg6 17. Qb3 Qb4 18. Qxb4 Nxb4 19. Bf3 Nfd5 20. Nxd5 Nxd5 21.
Rfd1 b5 22. axb5 axb5 23. Rxc8 Rxc8 24. Rc1 Rxc1+ 25. Bxc1 Bf6 26. Bxd5 exd5
27. Be3 Kf8 28. Kf1 Ke8 29. Ke2 Kd7 30. Kd3 Kc6 31. Bf4 Be7 32. Be5 Bf8 33. Kc3
f6 34. Bf4 Be7 35. Kb3 Bd8 36. Bd2 Bb6 37. Bc3 Bc7 38. Bb4 Kd7 39. Bf8 Ke8 40.
Bxg7 Kf7 41. Bh8 g5 42. Kb4 Bb6 43. Kc3 b4+ 44. Kd3 Bd8 45. b3 Kg8 46. Bxf6
Bxf6 47. Ke3 Kf7 48. Kd3 Bd8 49. Ke3 Bc7 50. Kd3 1/2-1/2

[Event "45th IT Bosna 2015"]
[Site "Sarajevo"]
[Date "2015.06.02"]
[Round "5.16"]
[White "Ivanov, Mikhail M"]
[Black "Medic, Nevenko"]
[Result "1-0"]
[WhiteElo "2384"]
[BlackElo "2038"]
[PlyCount "73"]
[EventDate "2015.05.30"]

1. Nf3 d5 2. g3 Nf6 3. Bg2 c5 4. c4 e6 5. cxd5 Nxd5 6. O-O Nc6 7. Nc3 Be7 8. d4
Nxc3 9. bxc3 O-O 10. e4 Qa5 11. d5 Rd8 12. c4 Nd4 13. Nxd4 cxd4 14. Qxd4 exd5
15. cxd5 Be6 16. Bd2 Qa6 17. Bc3 f6 18. Bb4 Qa4 19. Rab1 b6 20. Qc3 Rac8 21.
Qe1 Bxb4 22. Rxb4 Qxa2 23. dxe6 Qxe6 24. Qb1 Rc5 25. Qb3 Kf7 26. Qxe6+ Kxe6 27.
Bh3+ Kd6 28. Rd1+ Ke7 29. Rxd8 Kxd8 30. Rd4+ Ke8 31. Rd7 a5 32. Rxg7 b5 33.
Rxh7 b4 34. Rb7 Rc1+ 35. Kg2 Rb1 36. Be6 a4 37. Bd7+ 1-0

[Event "45th IT Bosna 2015"]
[Site "Sarajevo"]
[Date "2015.06.02"]
[Round "5.17"]
[White "Kovacevic, Aleksandar"]
[Black "Pastar, Slaven"]
[Result "1-0"]
[WhiteElo "2486"]
[BlackElo "2194"]
[PlyCount "79"]
[EventDate "2015.05.30"]

1. e4 c5 2. Nf3 d6 3. d4 cxd4 4. Nxd4 Nf6 5. Nc3 Nc6 6. Bg5 g6 7. Bxf6 exf6 8.
Qd2 Bg7 9. Bb5 Bd7 10. Nb3 O-O 11. O-O f5 12. Rad1 Be5 13. exf5 Bxf5 14. Nd5
Rc8 15. Rfe1 Be6 16. c3 a6 17. Bf1 b5 18. g3 h5 19. Bg2 h4 20. Ne3 hxg3 21.
hxg3 Na5 22. Nd4 Bxd4 23. Qxd4 Bxa2 24. Qxd6 Bb3 25. Qxa6 Bxd1 26. Rxd1 Ra8 27.
Bxa8 Qxa8 28. Qxb5 Nc6 29. Rd6 Nd8 30. Qe5 Ne6 31. Nd5 Qa1+ 32. Kg2 Qa8 33. Kh2
Rd8 34. Rxd8+ Qxd8 35. b4 Qa8 36. Ne7+ Kh7 37. Qf6 Qf8 38. Kg1 Ng7 39. Nd5 Qa8
40. Ne7 1-0

[Event "45th IT Bosna 2015"]
[Site "Sarajevo"]
[Date "2015.06.02"]
[Round "5.18"]
[White "Gazik, Viktor"]
[Black "Bucan, Eldin"]
[Result "1/2-1/2"]
[WhiteElo "2445"]
[BlackElo "2155"]
[PlyCount "110"]
[EventDate "2015.05.30"]

1. e4 d6 2. d3 g6 3. f4 Bg7 4. Nf3 c5 5. Nc3 Nc6 6. h3 Qa5 7. Bd2 b5 8. a3 Qb6
9. g4 h5 10. g5 e6 11. Bg2 Nge7 12. O-O Bd7 13. Kh1 Rc8 14. Rb1 b4 15. axb4
cxb4 16. Ne2 a5 17. Nh4 a4 18. c3 bxc3 19. bxc3 Qa6 20. d4 Na5 21. Ng3 Nb3 22.
f5 Qd3 23. Be1 Qxd1 24. Rxd1 exf5 25. exf5 gxf5 26. Ngxf5 Nxf5 27. Nxf5 Bf8 28.
Bg3 Rxc3 29. Rde1+ Kd8 30. Nxd6 Rxg3 31. Nxf7+ Kc7 32. Nxh8 Bg7 33. Rf7 Bxh8
34. Ree7 Bxd4 35. Rxd7+ Kb6 36. Rb7+ Kc5 37. Rfc7+ Kd6 38. Rc4 Rd3 39. Rc6+ Ke5
40. Re7+ Kf4 41. Kh2 Be5 42. Rc4+ Kf5+ 43. Rxe5+ Kxe5 44. Rxa4 Nd4 45. Ra5+ Kf4
46. g6 Nf5 47. Ra7 Rd6 48. Ra4+ Kg5 49. Be4 Rxg6 50. Bxf5 Kxf5 51. Ra5+ Kf6 52.
Rxh5 Kg7 53. Re5 Kh6 54. h4 Rg7 55. Kh3 Rg1 1/2-1/2

[Event "45th IT Bosna 2015"]
[Site "Sarajevo"]
[Date "2015.06.02"]
[Round "5.19"]
[White "Burovic, Ismet"]
[Black "Szostko, Jakub"]
[Result "0-1"]
[WhiteElo "2354"]
[BlackElo "2153"]
[PlyCount "94"]
[EventDate "2015.05.30"]

1. e4 c6 2. d3 d5 3. Nd2 e5 4. Ngf3 Bd6 5. g3 Nf6 6. Bg2 O-O 7. O-O Nbd7 8. c3
Re8 9. Re1 a5 10. a4 Nc5 11. Bf1 Bg4 12. h3 Bh5 13. Qc2 Qc7 14. Nh4 Rad8 15.
Ndf3 Ne6 16. Bg2 dxe4 17. dxe4 Bc5 18. Bf1 Nd7 19. Nd2 f6 20. Nc4 Bf7 21. Nf5
Ndf8 22. Qe2 Ng6 23. Qg4 Kh8 24. h4 Ne7 25. h5 Nxf5 26. exf5 Nf8 27. h6 g6 28.
Qh4 Be7 29. Be3 c5 30. g4 g5 31. Qh2 Nd7 32. Qh1 Nb8 33. Rad1 Nc6 34. Qe4 Rxd1
35. Rxd1 Rd8 36. Be2 Rxd1+ 37. Bxd1 Qd8 38. Be2 Bf8 39. Bf3 Qe7 40. Nb6 Bxh6
41. Qd3 Bf8 42. Nd7 e4 43. Bxe4 c4 44. Qd1 Qxe4 45. Nxf6 Qd3 46. Qf3 Bg7 47.
Ne4 Ne5 0-1

[Event "45th IT Bosna 2015"]
[Site "Sarajevo"]
[Date "2015.06.02"]
[Round "5.20"]
[White "Sutkovic, Damir"]
[Black "Peric, Bernard"]
[Result "1-0"]
[WhiteElo "2320"]
[BlackElo "2072"]
[PlyCount "95"]
[EventDate "2015.05.30"]

1. b3 d5 2. Bb2 Nf6 3. e3 g6 4. c4 dxc4 5. Bxc4 Bg7 6. Nf3 O-O 7. O-O b6 8. d4
e6 9. Qe2 Bb7 10. Nc3 Ne4 11. Rfd1 Nxc3 12. Bxc3 Qe7 13. Rac1 Nd7 14. b4 Nf6
15. Ba6 c6 16. Bxb7 Qxb7 17. Be1 Nd7 18. Rc2 Rac8 19. Rdc1 Rc7 20. Nd2 Rfc8 21.
Nc4 Bf8 22. f3 c5 23. Bg3 cxd4 24. Bxc7 Rxc7 25. exd4 Bxb4 26. Ne5 Rxc2 27.
Qxc2 Qd5 28. Qc4 Nxe5 29. Qxd5 exd5 30. dxe5 Bc5+ 31. Kf1 Kf8 32. Rd1 d4 33.
Ke2 Ke7 34. Kd3 Kd7 35. f4 Ke6 36. Ke4 h5 37. g3 f6 38. exf6 Kxf6 39. h3 a5 40.
a4 Ke6 41. g4 hxg4 42. hxg4 Kf6 43. Rxd4 Ke6 44. Rd8 Ke7 45. Rg8 Kf7 46. Rb8
Ke6 47. Rb7 Bf2 48. g5 1-0

[Event "45th IT Bosna 2015"]
[Site "Sarajevo"]
[Date "2015.06.02"]
[Round "5.21"]
[White "Obad, Andrija"]
[Black "Jusic, Zdenko"]
[Result "1-0"]
[WhiteElo "2074"]
[BlackElo "2283"]
[PlyCount "51"]
[EventDate "2015.05.30"]

1. e4 d6 2. d4 Nf6 3. Nc3 c6 4. f4 Qa5 5. Bd3 e5 6. Nf3 Bg4 7. Be3 Nbd7 8. Qd2
Bxf3 9. gxf3 Nh5 10. fxe5 dxe5 11. Ne2 Qc7 12. O-O-O exd4 13. Nxd4 Ne5 14. Be2
Nf6 15. Nf5 Ng6 16. Kb1 Nh5 17. Qc3 Nhf4 18. Bc4 Ne6 19. Bxe6 fxe6 20. Nd4
O-O-O 21. Nxe6 Rxd1+ 22. Rxd1 Bb4 23. Qxb4 Qe7 24. Qxe7 Nxe7 25. Nxg7 Rg8 26.
Ne6 1-0

[Event "45th IT Bosna 2015"]
[Site "Sarajevo"]
[Date "2015.06.02"]
[Round "5.22"]
[White "Mrndjic, Muamer"]
[Black "Cabric, Izet"]
[Result "1-0"]
[WhiteElo "2263"]
[BlackElo "1952"]
[PlyCount "99"]
[EventDate "2015.05.30"]

1. d4 Nf6 2. c4 c5 3. d5 g6 4. Nc3 Bg7 5. e4 d6 6. Bd3 O-O 7. h3 Nbd7 8. Nf3 a6
9. O-O Qc7 10. Bf4 e5 11. Be3 Rb8 12. a3 Nh5 13. g3 Qd8 14. Rb1 f5 15. exf5
gxf5 16. Nh4 f4 17. Bxh7+ Kxh7 18. Qxh5+ Kg8 19. gxf4 exf4 20. Bd2 Ne5 21. Kh1
Qd7 22. Nf3 Qxh3+ 23. Qxh3 Bxh3 24. Nxe5 dxe5 25. f3 Bxf1 26. Rxf1 Rf5 27. Kg2
Kf7 28. Ne4 Bf8 29. b4 b6 30. Rb1 Be7 31. Rh1 Kg6 32. d6 Bf6 33. Bc3 cxb4 34.
axb4 Bd8 35. c5 bxc5 36. bxc5 Rc8 37. Rh8 Kg7 38. d7 Rb8 39. Re8 Kf7 40. Nd6+
Kg6 41. Nxf5 Kxf5 42. Bxe5 Rb5 43. Rxd8 Ke6 44. c6 Kxe5 45. Re8+ Kd6 46. d8=Q+
Kxc6 47. Qf6+ Kc5 48. Re5+ Kb4 49. Qxf4+ Ka5 50. Qd2+ 1-0

[Event "45th IT Bosna 2015"]
[Site "Sarajevo"]
[Date "2015.06.02"]
[Round "5.23"]
[White "Markoja, Boris"]
[Black "Jelen, Darko"]
[Result "1-0"]
[WhiteElo "2372"]
[BlackElo "2039"]
[PlyCount "79"]
[EventDate "2015.05.30"]

1. c4 e6 2. Nc3 d5 3. d4 Nf6 4. cxd5 exd5 5. Bg5 c6 6. e3 Be7 7. Bd3 O-O 8. Qc2
h6 9. Bxf6 Bxf6 10. h3 Re8 11. Nf3 Be6 12. O-O Nd7 13. b4 a6 14. Na4 b5 15. Nc5
Nb6 16. a4 Nc4 17. axb5 axb5 18. Qc3 Qc7 19. Rxa8 Rxa8 20. Ra1 Qc8 21. Ne1 Be7
22. Be2 Bxc5 23. dxc5 Ra6 24. Nc2 Qa8 25. Rxa6 Qxa6 26. Nd4 Bd7 27. Bd3 Qa2 28.
e4 dxe4 29. Bxe4 Nd2 30. Bc2 Nc4 31. h4 h5 32. Nf3 Be6 33. Be4 Qa8 34. Ng5 Qc8
35. Qd4 Kf8 36. Bxc6 Qc7 37. Bxb5 Ne5 38. Nxe6+ fxe6 39. Be2 Ke7 40. b5 1-0

[Event "45th IT Bosna 2015"]
[Site "Sarajevo"]
[Date "2015.06.02"]
[Round "5.24"]
[White "Dedebas, Emre Emin"]
[Black "Bistric, Faruk"]
[Result "1-0"]
[WhiteElo "2036"]
[BlackElo "2370"]
[PlyCount "81"]
[EventDate "2015.05.30"]

1. d4 f5 2. g3 Nf6 3. Bg2 g6 4. Nf3 Bg7 5. O-O O-O 6. Nbd2 d6 7. Re1 Nc6 8. e4
fxe4 9. Nxe4 Nxe4 10. Rxe4 Bf5 11. Re1 Nb4 12. Re2 Bg4 13. Ng5 e5 14. c3 Nc6
15. Qb3+ Kh8 16. f3 Bf5 17. Nf7+ Rxf7 18. Qxf7 exd4 19. Bg5 Qf8 20. Qxf8+ Rxf8
21. cxd4 Bxd4+ 22. Be3 Bg7 23. Bf2 g5 24. Rc1 h6 25. b4 Bd3 26. Rd2 Bb5 27. a3
Rf7 28. Bf1 Ne5 29. Bxb5 Nxf3+ 30. Kg2 Nxd2 31. Bxa7 c6 32. Be2 d5 33. b5 Ne4
34. bxc6 bxc6 35. Bg1 Nc3 36. Bf3 Rc7 37. a4 d4 38. a5 g4 39. Bxg4 c5 40. a6
Nb5 41. Rb1 1-0

[Event "45th IT Bosna 2015"]
[Site "Sarajevo"]
[Date "2015.06.02"]
[Round "5.25"]
[White "Bogdanovic, Rajko"]
[Black "Pestek, Elvis"]
[Result "0-1"]
[WhiteElo "2268"]
[BlackElo "2035"]
[PlyCount "78"]
[EventDate "2015.05.30"]

1. e4 e6 2. d4 d5 3. Nc3 Bb4 4. e5 c5 5. a3 Bxc3+ 6. bxc3 Ne7 7. Qg4 O-O 8. Bd3
f5 9. exf6 Rxf6 10. Bg5 Rf7 11. Qh5 g6 12. Qd1 Qa5 13. Bd2 Nbc6 14. Nf3 Qc7 15.
O-O c4 16. Be2 e5 17. dxe5 Nxe5 18. Nd4 Bd7 19. a4 N5c6 20. Bc1 Nxd4 21. Qxd4
Bc6 22. Bg4 Nf5 23. Bxf5 Rxf5 24. Be3 a6 25. a5 Re8 26. Qd2 Qe7 27. Rae1 Re5
28. h3 Qe6 29. Qd1 Qf5 30. Bd4 Rxe1 31. Rxe1 Rxe1+ 32. Qxe1 Kf7 33. Qd2 h5 34.
Qh6 Ke6 35. Qg7 Bd7 36. f4 Bc6 37. Bc5 Qf7 38. Qe5+ Kd7 39. Qd6+ Ke8 0-1

[Event "45th IT Bosna 2015"]
[Site "Sarajevo"]
[Date "2015.06.02"]
[Round "5.26"]
[White "Hadzovic, Amir"]
[Black "Bucevac, Ljubisa"]
[Result "1-0"]
[WhiteElo "2218"]
[BlackElo "2031"]
[PlyCount "97"]
[EventDate "2015.05.30"]

1. e4 e5 2. d4 Nc6 3. Nf3 exd4 4. Nxd4 Nf6 5. Nxc6 bxc6 6. Bd3 d5 7. exd5 cxd5
8. O-O Be7 9. Bb5+ Bd7 10. Bxd7+ Qxd7 11. Bf4 O-O 12. Nd2 c5 13. b3 Qf5 14. Bg3
Rfe8 15. a4 Bf8 16. a5 Re6 17. Nf3 Re4 18. Qd3 c4 19. Qd2 cxb3 20. cxb3 Rae8
21. Nd4 Qg4 22. Nc6 R4e6 23. Rac1 Re2 24. Qf4 a6 25. Qxg4 Nxg4 26. h3 Nf6 27.
Rfd1 Rb2 28. Be5 Rxb3 29. Bxf6 gxf6 30. Rxd5 Rb2 31. Rc4 h5 32. Rc3 Re1+ 33.
Kh2 h4 34. Rc4 f5 35. Rxh4 Rxf2 36. Nd4 Rd1 37. Rd8 Rdd2 38. Kg3 Rxg2+ 39. Kf4
Rgf2+ 40. Ke5 Ra2 41. Kf6 Rg2 42. Kxf5 Rxa5+ 43. Ke4 Ra4 44. Kf3 Rg6 45. Re4
Ra3+ 46. Kf4 Rxh3 47. Ree8 Rh4+ 48. Ke5 Rxd4 49. Kxd4 1-0

[Event "45th IT Bosna 2015"]
[Site "Sarajevo"]
[Date "2015.06.02"]
[Round "5.27"]
[White "Aleksic, Neven"]
[Black "Zildzic, Kenan"]
[Result "1-0"]
[WhiteElo "2034"]
[BlackElo "2181"]
[PlyCount "29"]
[EventDate "2015.05.30"]

1. d4 Nf6 2. c4 g6 3. Nc3 Bg7 4. e4 d6 5. Nf3 O-O 6. Be2 e5 7. Be3 c6 8. Qd2
Qe8 9. dxe5 Ng4 10. exd6 Nxe3 11. Qxe3 Qe6 12. Rd1 Nd7 13. O-O Rd8 14. Rfe1 h6
15. Bf1 1-0

[Event "45th IT Bosna 2015"]
[Site "Sarajevo"]
[Date "2015.06.02"]
[Round "5.28"]
[White "Sitnic, Adnan"]
[Black "Terzic, Ilijas"]
[Result "0-1"]
[WhiteElo "2014"]
[BlackElo "2166"]
[PlyCount "68"]
[EventDate "2015.05.30"]

1. e4 c5 2. f4 d5 3. exd5 Qxd5 4. Nc3 Qd8 5. Nf3 Nf6 6. Ne5 e6 7. Qf3 a6 8. b3
Be7 9. Bb2 O-O 10. Bd3 Nbd7 11. O-O-O Qc7 12. g4 Nxe5 13. fxe5 Nd7 14. Qe4 g6
15. Rde1 b5 16. Rhf1 Bb7 17. Qf4 c4 18. bxc4 Nc5 19. Re3 Qd8 20. h4 Bxh4 21.
Ba3 Bg5 22. Bxc5 Bxf4 23. Rxf4 Qg5 24. Rd4 Rfd8 25. Bd6 bxc4 26. Rxc4 Rac8 27.
Rb4 Rd7 28. Be4 Bd5 29. Bxd5 exd5 30. Nxd5 Rxd6 31. exd6 Qxd5 32. Rb6 Qc5 33.
Rc3 Qg1+ 34. Kb2 Qxb6+ 0-1

[Event "45th IT Bosna 2015"]
[Site "Sarajevo"]
[Date "2015.06.02"]
[Round "5.29"]
[White "Mrndjic, Armin"]
[Black "Marinc, Damir"]
[Result "1-0"]
[WhiteElo "2148"]
[BlackElo "2021"]
[PlyCount "124"]
[EventDate "2015.05.30"]

1. d4 d5 2. c4 c6 3. Nc3 Nf6 4. Nf3 dxc4 5. a4 Bf5 6. e3 e6 7. Bxc4 Bb4 8. O-O
O-O 9. Qb3 Qe7 10. Na2 Ba5 11. Ne5 Ne8 12. f3 Nd6 13. e4 Bg6 14. Be2 Bb6 15.
Be3 Nd7 16. Kh1 Rfe8 17. Rfd1 Nf8 18. Nb4 Ba5 19. Nbd3 f6 20. Nxg6 Nxg6 21. Qa2
Kh8 22. b4 Bc7 23. Nc5 Rad8 24. Rac1 Bb8 25. b5 cxb5 26. axb5 Nc8 27. Bc4 Nf8
28. d5 e5 29. Na4 b6 30. Bd3 Bd6 31. Rc6 Qd7 32. Nb2 Ng6 33. Nc4 Bb8 34. Na3
Bd6 35. Rdc1 Nge7 36. R6c2 Bb8 37. Nc4 Nd6 38. Na3 Nec8 39. Qb3 Rf8 40. Qa4
Rfe8 41. Qa6 Kg8 42. Rc6 Kh8 43. Nc2 Ne7 44. Rc3 Ndc8 45. Nb4 Nd6 46. Qa4 Ndc8
47. Na6 Bd6 48. Bd2 Ng6 49. Rc7 Bxc7 50. Rxc7 Qxc7 51. Nxc7 Re7 52. Na6 Nd6 53.
Bb4 Red7 54. g3 Ne7 55. Qa3 Nec8 56. Bf1 g6 57. Qd3 Rf7 58. Nb8 Rc7 59. Nc6 Rg7
60. Ba3 Re7 61. f4 exf4 62. gxf4 Ree8 1-0

[Event "45th IT Bosna 2015"]
[Site "Sarajevo"]
[Date "2015.06.02"]
[Round "5.30"]
[White "Delic, Jasmin"]
[Black "Bjelopoljak, Salko"]
[Result "0-1"]
[WhiteElo "1987"]
[BlackElo "2084"]
[PlyCount "72"]
[EventDate "2015.05.30"]

1. e4 e5 2. Nf3 Nc6 3. Nc3 a6 4. Bc4 Bc5 5. d3 h6 6. Be3 Bb4 7. O-O Nf6 8. Nd5
Bd6 9. c3 O-O 10. Nd2 Na5 11. b4 Nxc4 12. Nxc4 Nxd5 13. exd5 b5 14. Nxd6 cxd6
15. c4 Bb7 16. a4 f5 17. f3 Qh4 18. Qb3 bxc4 19. dxc4 Rf6 20. c5 Kh7 21. Rfd1
Rg6 22. Bf2 Qh3 23. Bg3 Qh5 24. Rac1 Qg5 25. Qc2 Re8 26. Qe2 f4 27. Be1 e4 28.
c6 dxc6 29. dxc6 exf3 30. Qxf3 Re3 31. Qf2 Bc8 32. Rc2 Qe5 33. Qh4 Rg4 34. Qf2
Rg6 35. Qh4 Re2 36. Rxe2 Qxe2 0-1

[Event "45th IT Bosna 2015"]
[Site "Sarajevo"]
[Date "2015.06.02"]
[Round "5.31"]
[White "Kuzmanovic, Aleksa"]
[Black "Colpa, Husein"]
[Result "1/2-1/2"]
[WhiteElo "2062"]
[BlackElo "1932"]
[PlyCount "63"]
[EventDate "2015.05.30"]

1. d4 Nf6 2. c4 c5 3. d5 e5 4. Nc3 d6 5. e4 g6 6. Be2 Bg7 7. Nf3 h6 8. h3 Nbd7
9. Be3 g5 10. Nh2 Nf8 11. Ng4 Ng6 12. g3 Nh7 13. Qc2 O-O 14. Bd3 Bd7 15. Bd2
Qc8 16. Ne3 Re8 17. Nf5 Bxf5 18. exf5 e4 19. Nxe4 Qxf5 20. O-O Qxh3 21. Nxd6
Ne5 22. Bxh7+ Kf8 23. Qf5 g4 24. f4 Qxg3+ 25. Kh1 Qh3+ 26. Kg1 Nf3+ 27. Rxf3
Bd4+ 28. Re3 Bxe3+ 29. Bxe3 Qxe3+ 30. Kf1 Qf3+ 31. Kg1 Re7 32. Qf6 1/2-1/2

[Event "45th IT Bosna 2015"]
[Site "Sarajevo"]
[Date "2015.06.02"]
[Round "5.32"]
[White "Haskovic, Salih"]
[Black "Zlobec, Srdjan"]
[Result "1-0"]
[WhiteElo "1942"]
[BlackElo "2061"]
[PlyCount "115"]
[EventDate "2015.05.30"]

1. e4 c5 2. Nf3 e6 3. Nc3 a6 4. d4 cxd4 5. Nxd4 Qc7 6. Be2 d6 7. O-O Nf6 8. Bd3
Be7 9. Kh1 b5 10. a3 Bb7 11. f3 O-O 12. Bg5 Nbd7 13. f4 Rfe8 14. Re1 Nc5 15. h3
h6 16. Bxf6 Bxf6 17. Nde2 Rac8 18. Rf1 Qc6 19. Rf3 Nxd3 20. cxd3 Qb6 21. Qb3
Rc7 22. Raf1 Rec8 23. f5 e5 24. Ng3 Rc5 25. Nh5 Qd8 26. Rg3 Kf8 27. a4 Qa5 28.
Rgf3 Bc6 29. axb5 axb5 30. Nxf6 gxf6 31. Qd1 b4 32. Ne2 d5 33. Qd2 Ke7 34. Ng3
dxe4 35. dxe4 Rd8 36. Qxh6 Bb5 37. Rc1 Qc7 38. Ra1 Rd4 39. Nh5 Rc6 40. Ra8 Rd8
41. Rxd8 Qxd8 42. Rg3 Be2 43. Kh2 Qd1 44. Rg8 Kd7 45. Nxf6+ Kc7 46. Qg7 Bc4 47.
Ne8+ Kb6 48. Qxe5 f6 49. Qb8+ Kc5 50. Rg3 Qc2 51. Qa7+ Rb6 52. Nxf6 Kc6 53. Rg6
Kb5 54. Qd7+ Ka5 55. Qc7 Kb5 56. Qe5+ Ka6 57. Nd5 Rxg6 58. Nxb4+ 1-0

[Event "45th IT Bosna 2015"]
[Site "Sarajevo"]
[Date "2015.06.02"]
[Round "5.33"]
[White "Kurtcehajic, Suad"]
[Black "Sinanovic, Ermin"]
[Result "0-1"]
[WhiteElo "2058"]
[BlackElo "1930"]
[PlyCount "78"]
[EventDate "2015.05.30"]

1. e4 c5 2. c3 d5 3. exd5 Qxd5 4. d4 Nf6 5. Nf3 Bg4 6. Be2 e6 7. O-O Nc6 8. Qa4
cxd4 9. cxd4 Qd7 10. Rd1 Bd6 11. Nc3 O-O 12. Bg5 Nd5 13. Nxd5 exd5 14. Qb3 Rae8
15. Be3 Bb8 16. Rac1 a6 17. Rc5 Ne7 18. h3 Bh5 19. Ne5 Bxe5 20. Bxh5 Bb8 21.
Bf3 Qd6 22. g3 b6 23. Rc2 Qg6 24. Qd3 Nf5 25. g4 Nh4 26. Bh1 Qd6 27. f4 Ng6 28.
Rf1 f5 29. g5 Re6 30. Bc1 a5 31. Re2 Rfe8 32. Rxe6 Qxe6 33. Qf3 Rd8 34. Qe3 Kf7
35. Qxe6+ Kxe6 36. Kh2 Rc8 37. Kg3 Rxc1 38. Rf2 Rxh1 39. Rc2 Bxf4+ 0-1

[Event "45th IT Bosna 2015"]
[Site "Sarajevo"]
[Date "2015.06.02"]
[Round "5.34"]
[White "Hadziselimovic, Bernardina"]
[Black "Petrovic, Marija"]
[Result "0-1"]
[WhiteElo "1935"]
[BlackElo "2049"]
[PlyCount "106"]
[EventDate "2015.05.30"]

1. e4 d5 2. exd5 Qxd5 3. Nc3 Qd6 4. d4 Nf6 5. Nf3 a6 6. Bd3 Bg4 7. O-O Nc6 8.
Ne4 Nxe4 9. Bxe4 O-O-O 10. c3 f5 11. Bxc6 Qxc6 12. Ne5 Qe6 13. Nxg4 fxg4 14.
Re1 Qf5 15. Bd2 h5 16. Re5 Qf7 17. Qe2 Rd6 18. Re1 Qxa2 19. Bf4 Qf7 20. Qe4 Rf6
21. g3 h4 22. Rc5 e5 23. Rxe5 Bd6 24. Re6 hxg3 25. fxg3 Bxf4 26. Rxf6 gxf6 27.
Qxf4 f5 28. Qe5 Qh7 29. Re2 Kb8 30. c4 Rf8 31. d5 Qh6 32. Qf4 Qb6+ 33. Kg2 Qc5
34. Re5 a5 35. b3 Qa3 36. Re3 Qb4 37. Qd4 Qd6 38. c5 Qd7 39. Qe5 Rd8 40. Rd3
Re8 41. Qc3 Re2+ 42. Kf1 Rxh2 43. Re3 Rh1+ 44. Kf2 Qb5 45. Rd3 a4 46. d6 cxd6
47. b4 dxc5 48. bxc5 Rb1 49. c6 Qb2+ 50. Ke3 Qxc3 51. Rxc3 Rb3 52. Rxb3 axb3
53. cxb7 Kxb7 0-1

[Event "45th IT Bosna 2015"]
[Site "Sarajevo"]
[Date "2015.06.02"]
[Round "5.36"]
[White "Strinic, Halid"]
[Black "Tomic, Jelena"]
[Result "1-0"]
[WhiteElo "2103"]
[BlackElo "1333"]
[PlyCount "79"]
[EventDate "2015.05.30"]

1. e4 d5 2. exd5 Qxd5 3. Nc3 Qa5 4. Bc4 Nf6 5. d3 c6 6. Nge2 Bf5 7. h3 e6 8.
O-O Qc7 9. Re1 Bd6 10. Nd4 Bg6 11. Bxe6 O-O 12. Bb3 Nbd7 13. Bg5 Rfe8 14. Qd2
a6 15. Rxe8+ Rxe8 16. Re1 Rxe1+ 17. Qxe1 Bc5 18. Nf3 b5 19. Be3 a5 20. a4 Bb4
21. axb5 cxb5 22. Bd2 Bxc3 23. Bxc3 b4 24. Bd4 Qc6 25. Bc4 Bf5 26. Ng5 Bg6 27.
Qe7 h6 28. Nxf7 Bxf7 29. Qxf7+ Kh7 30. c3 Qd6 31. Qe6 Qf4 32. Be3 Qc7 33. Qf5+
Kh8 34. Bf4 Qb6 35. Be3 Qc7 36. Bd4 Qd8 37. g4 Qe7 38. Qxa5 Qe1+ 39. Kg2 Qe2
40. Qxb4 1-0